|
|
|
|
| LEADER |
01789nam a22004455i 4500 |
| 001 |
978-1-56898-635-7 |
| 003 |
DE-He213 |
| 005 |
20151204173052.0 |
| 007 |
cr nn 008mamaa |
| 008 |
120306s2005 xxu| s |||| 0|eng d |
| 020 |
|
|
|a 9781568986357
|9 978-1-56898-635-7
|
| 024 |
7 |
|
|a 10.1007/1-56898-635-1
|2 doi
|
| 040 |
|
|
|d GrThAP
|
| 050 |
|
4 |
|a NA1995
|
| 072 |
|
7 |
|a AMB
|2 bicssc
|
| 072 |
|
7 |
|a ARC006000
|2 bisacsh
|
| 082 |
0 |
4 |
|a 720
|2 23
|
| 100 |
1 |
|
|a Umebayashi, Katsu.
|e author.
|
| 245 |
1 |
0 |
|a FOBA
|h [electronic resource] :
|b Buildings /
|c by Katsu Umebayashi, Thomas Daniell, Michael Webb, Peter Allison, Kazuhiro Kojima.
|
| 264 |
|
1 |
|a New York, NY :
|b Princeton Archit.Press,
|c 2005.
|
| 300 |
|
|
|b online resource.
|
| 336 |
|
|
|a text
|b txt
|2 rdacontent
|
| 337 |
|
|
|a computer
|b c
|2 rdamedia
|
| 338 |
|
|
|a online resource
|b cr
|2 rdacarrier
|
| 347 |
|
|
|a text file
|b PDF
|2 rda
|
| 505 |
0 |
|
|a Nesting: Beyond Objects to the Bodily Experience of Space -- FOBA: It’s Not What It Looks Like -- Clarity and Complexity -- Aura -- Pleats -- Porous -- Strata -- Skip -- Stack -- Organ -- Myougei -- Asphodel -- Orient -- FOB Homes: Brand Recognition -- FOB Homes Typologies -- Prototypes in Suburbia -- FOB Homes Examples -- Afterword.
|
| 650 |
|
0 |
|a Architecture.
|
| 650 |
|
0 |
|a Architects.
|
| 650 |
1 |
4 |
|a Architecture / Design.
|
| 650 |
2 |
4 |
|a Architects.
|
| 700 |
1 |
|
|a Daniell, Thomas.
|e author.
|
| 700 |
1 |
|
|a Webb, Michael.
|e author.
|
| 700 |
1 |
|
|a Allison, Peter.
|e author.
|
| 700 |
1 |
|
|a Kojima, Kazuhiro.
|e author.
|
| 710 |
2 |
|
|a SpringerLink (Online service)
|
| 773 |
0 |
|
|t Springer eBooks
|
| 776 |
0 |
8 |
|i Printed edition:
|z 9781568985275
|
| 856 |
4 |
0 |
|u http://dx.doi.org/10.1007/1-56898-635-1
|z Full Text via HEAL-Link
|
| 912 |
|
|
|a ZDB-2-ADE
|
| 950 |
|
|
|a Architecture and Design (Springer-11641)
|